Advanced plant physiology (Record no. 162698)
[ view plain ]
| 000 -LEADER | |
|---|---|
| fixed length control field | 00560nam a2200217Ia 4500 |
| 003 - CONTROL NUMBER IDENTIFIER | |
| control field | OSt |
| 005 - DATE AND TIME OF LATEST TRANSACTION | |
| control field | 20230425160944.0 |
| 008 - FIXED-LENGTH DATA ELEMENTS--GENERAL INFORMATION | |
| fixed length control field | 210423s1987 xx 000 0 und d |
| 020 ## - INTERNATIONAL STANDARD BOOK NUMBER | |
| International Standard Book Number | 58216037 |
| 040 ## - CATALOGING SOURCE | |
| Transcribing agency | AL |
| 041 ## - LANGUAGE CODE | |
| Language code of text/sound track or separate title | eng |
| 082 ## - DEWEY DECIMAL CLASSIFICATION NUMBER | |
| Classification number | 581.1 WILA |
| 100 ## - MAIN ENTRY--PERSONAL NAME | |
| Personal name | WILKINS (Malcolm B),Ed |
| 9 (RLIN) | 92994 |
| 245 ## - TITLE STATEMENT | |
| Title | Advanced plant physiology |
| 260 ## - PUBLICATION, DISTRIBUTION, ETC. | |
| Place of publication, distribution, etc. | England |
| Name of publisher, distributor, etc. | Longman Scientific and Technical |
| Date of publication, distribution, etc. | 1987 |
| 300 ## - PHYSICAL DESCRIPTION | |
| Extent | vii,514 |
| Other physical details | PB |
| 365 ## - TRADE PRICE | |
| Currency code | INR |
| 650 ## - SUBJECT ADDED ENTRY--TOPICAL TERM | |
| Topical term or geographic name entry element | Physiology of Plants |
| 9 (RLIN) | 92995 |
| 906 ## - LOCAL DATA ELEMENT F, LDF (RLIN) | |
| a | Advanced ; physiology ; plant |
| 942 ## - ADDED ENTRY ELEMENTS (KOHA) | |
| Source of classification or shelving scheme | Dewey Decimal Classification |
| Koha item type | Book |
| Withdrawn status | Lost status | Damaged status | Not for loan | Collection code | Home library | Current library | Date acquired | Total Checkouts | Full call number | Barcode | Date last seen | Date last checked out | Price effective from | Koha item type |
|---|---|---|---|---|---|---|---|---|---|---|---|---|---|---|
| Bio Technology | St Aloysius PG Library | St Aloysius PG Library | 05/03/2003 | 1 | 581.1 WILA | PG009191 | 08/29/2024 | 08/23/2024 | 04/26/2021 | Book |